000 00694nam a2200277Ia 4500
005 20260324112622.0
008 008 260324s9999 xx 000 0 eng d
020 _a9781003535133
037 _aEBOOK
040 _aCRL
040 _beng
040 _cCRL
041 _2eng
041 _aeng
084 _qCRL
100 _aRicha Goel; Vikas Garg; Michela Floris
_91143451
245 0 _aApplications of Artificial Intelligence in Business and Finance 5.0
260 _bTaylor and Francis
260 _c2024
365 _a
365 _b305
856 _uhttp://www.taylorfrancis.com/books/9781003535133
942 _cEBOOK
999 _c1732721
_d1732721